Repair of concrete structures to EN 1504. A guide for renovation of concrete structures - repair materials and systems according to the EN 1504 series. (Record no. 103872)

MARC details
000 -LEADER
fixed length control field 01225cam a2200229 4500
008 - FIXED-LENGTH DATA ELEMENTS--GENERAL INFORMATION
fixed length control field 041125n2004 000 0 eng u
020 ## - INTERNATIONAL STANDARD BOOK NUMBER
International Standard Book Number 0750662220
035 ## - SYSTEM CONTROL NUMBER
System control number (Sirsi) u128138
041 ## - LANGUAGE CODE
Language code of text/sound track or separate title eng.
050 ## - LIBRARY OF CONGRESS CALL NUMBER
Classification number 693.5
-- 18
110 ## - MAIN ENTRY--CORPORATE NAME
Corporate name or jurisdiction name as entry element Dansk Standard
9 (RLIN) 4658
245 ## - TITLE STATEMENT
Title Repair of concrete structures to EN 1504. A guide for renovation of concrete structures - repair materials and systems according to the EN 1504 series.
260 ## - PUBLICATION, DISTRIBUTION, ETC.
Place of publication, distribution, etc. London
Name of publisher, distributor, etc. Elsevier
Date of publication, distribution, etc. 2004
300 ## - PHYSICAL DESCRIPTION
Extent viii,214p.
Dimensions 25cm.
350 ## - PRICE (NR) (BK AM CF MU VM SE) [OBSOLETE]
Price 44.95
520 ## - SUMMARY, ETC.
Summary, etc. This handbook is a guide for the EN 1504 series: "Products and systems for protection and repair of concrete structures. Definitions, requirements, quality control and evaluation of conformity." This book guides the reader through the EN 1504 series giving practical guidelines and examples to the main principles of the standards. It also gives concise explanatory notes to the annexes, which will help any professional in the building and construction industry fulfil the requirements for repairing concrete structures.
650 ## - SUBJECT ADDED ENTRY--TOPICAL TERM
Topical term or geographic name entry element BS EN 1504
650 ## - SUBJECT ADDED ENTRY--TOPICAL TERM
Topical term or geographic name entry element CONCRETE
650 ## - SUBJECT ADDED ENTRY--TOPICAL TERM
Topical term or geographic name entry element EUROPEAN STANDARDS
690 ## - LOCAL SUBJECT ADDED ENTRY--TOPICAL TERM (OCLC, RLIN)
Topical term or geographic name as entry element BUILDING AND CONSTRUCTION-REPAIRS AND MAINTENANCE
942 ## - ADDED ENTRY ELEMENTS (KOHA)
Suppress in OPAC 0
Holdings
Withdrawn status Lost status Source of classification or shelving scheme Damaged status Not for loan Home library Current library Shelving location Date acquired Cost, normal purchase price Total Checkouts Full call number Barcode Date last seen Date last checked out Copy number Cost, replacement price Price effective from Koha item type
    Dewey Decimal Classification     London London Books 06/12/2004 44.95 5 693.5 DAN 30069735 06/08/2019 17/05/2007 1 44.95 06/08/2019 Book